000 00307nam a22001337a 4500
008 170406b xxu||||| |||| 00| 0 eng d
020 _a0871896362
041 _aeng
080 _a575
100 _a9
101 _aSHM
245 _aTHE CRITICALY ILL IMUNOSUPPRESED PATIENT
_cPARRILO.J.E
942 _2udc
_cBK
999 _c9953
_d9953